[Event "Lovfalds 13th E"]
[Site "Ringsted"]
[Date "1999.09.19"]
[Round "4"]
[White "Jensen, Arne Skov"]
[Black "Larsen, Vagn"]
[Result "1-0"]
[WhiteElo "1405"]
[BlackElo "1456"]
[PlyCount "51"]
[EventDate "1999.09.17"]
[EventType "tourn"]
[EventRounds "5"]
[EventCountry "DEN"]
[SourceTitle "EXT 2023"]
[Source "ChessBase"]
[SourceDate "2022.10.05"]
[SourceVersion "1"]
[SourceVersionDate "2022.10.05"]
[SourceQuality "1"]

1. c4 e5 2. Nc3 Nf6 3. g3 d5 4. cxd5 Nxd5 5. Bg2 c6 6. Nf3 f6 7. 0-0 Be7 8. d4 exd4 9. Qxd4 Nxc3 10. Qxc3 0-0 11. Bf4 Bg4 12. Qb3+ Rf7 13. Qxb7 Nd7 14. Qxc6 Rc8 15. Qe4 f5 16. Qd3 Bf6 17. Nd4 Nc5 18. Qc4 Bxd4 19. Bd5 Ne6 20. Qb3 Rb8 21. Bxb8 f4 22. Bxf4 Kh8 23. Bxe6 Bxe6 24. Qxe6 Re7 25. Qc4 Re4 26. e3 1-0

[Event "Lovsprings op 08th C"]
[Site "Ringsted"]
[Date "1996.03.15"]
[Round "2"]
[White "Jensen, Arne Skov"]
[Black "Paustian, Dennis"]
[Result "1-0"]
[WhiteElo "1540"]
[BlackElo "1517"]
[PlyCount "75"]
[EventDate "1996.03.08"]
[EventType "swiss"]
[EventRounds "7"]
[EventCountry "DEN"]
[SourceTitle "EXT 2023"]
[Source "ChessBase"]
[SourceDate "2022.10.05"]
[SourceVersion "1"]
[SourceVersionDate "2022.10.05"]
[SourceQuality "1"]

1. c4 e5 2. g3 g6 3. Bg2 Bg7 4. Nc3 c6 5. Nf3 d6 6. d3 Nf6 7. 0-0 0-0 8. Bg5 Be6 9. Nd2 Nbd7 10. Qb3 Qc7 11. Rac1 Nc5 12. Qa3 a5 13. Bxf6 Bxf6 14. Nce4 Nxe4 15. Nxe4 Be7 16. Qc3 d5 17. cxd5 Bxd5 18. a3 Bxe4 19. Bxe4 Bd6 20. Qd2 Qe7 21. Qh6 f5 22. Bg2 Qf6 23. Qe3 Qe7 24. Rc4 f4 25. Qb6 fxg3 26. hxg3 Rf6 27. Bf3 Qc7 28. Qb3 Kh8 29. Kg2 Raf8 30. Rh1 R8f7 31. Qd1 Qd8 32. Qd2 Qf8 33. Qxa5 Rxf3 34. exf3 Rxf3 35. Qd2 Qf5 36. Re4 Bc5 37. Rf1 Bd4 38. Qe2 1-0

[Event "Lovsprings op 07th C"]
[Site "Ringsted"]
[Date "1995.05.05"]
[Round "6"]
[White "Jensen, Dan Bronnum"]
[Black "Jensen, Arne Skov"]
[Result "0-1"]
[WhiteElo "1601"]
[BlackElo "1537"]
[PlyCount "118"]
[EventDate "1995.03.10"]
[EventType "swiss"]
[EventRounds "7"]
[EventCountry "DEN"]
[SourceTitle "EXT 2023"]
[Source "ChessBase"]
[SourceDate "2022.10.05"]
[SourceVersion "1"]
[SourceVersionDate "2022.10.05"]
[SourceQuality "1"]

1. c4 Nf6 2. Nc3 e6 3. e4 Nc6 4. Nf3 Bb4 5. d3 d6 6. g3 b6 7. Bg2 Bb7 8. 0-0 0-0 9. Ne2 d5 10. exd5 exd5 11. a3 Be7 12. b4 a6 13. Bb2 Na7 14. Nfd4 Rb8 15. Nf5 Re8 16. Re1 Bf8 17. Qc2 Bc8 18. Ne3 Be6 19. Bxf6 Qxf6 20. cxd5 Bf5 21. Nxf5 Qxf5 22. Be4 Qd7 23. a4 Bxb4 24. Rec1 Bd6 25. Nd4 g6 26. Nc6 Nxc6 27. dxc6 Qe6 28. Qc4 Qxc4 29. Rxc4 Rbd8 30. Rcc1 Be5 31. Ra2 Rd4 32. f4 Bg7 33. g4 Bh6 34. Rf1 Red8 35. h4 R8d6 36. g5 Bg7 37. f5 Be5 38. Kg2 Kg7 39. fxg6 hxg6 40. Raf2 f5 41. gxf6+ Rxf6 42. Ra2 Rxf1 43. Kxf1 Bg3 44. Rg2 Bxh4 45. Rxg6+ Kf7 46. Rg4 Bf6 47. Bg6+ Ke6 48. Rxd4 Bxd4 49. Ke2 Kd6 50. Be8 Kc5 51. Kd2 Kb4 52. Kc2 Kxa4 53. Bf7 Kb4 54. Bh5 b5 55. Kb1 a5 56. Ka2 Kc3 57. Be2 Kc2 58. Bf1 b4 59. Bh3 b3+ 0-1

[Event "Lovsprings op 05th C"]
[Site "Ringsted"]
[Date "1993.05.16"]
[Round "7"]
[White "Jensen, Arne Skov"]
[Black "Stuhr, Finn"]
[Result "1-0"]
[WhiteElo "1627"]
[BlackElo "1561"]
[PlyCount "58"]
[EventDate "1993.03.26"]
[EventType "swiss"]
[EventRounds "7"]
[EventCountry "DEN"]
[SourceTitle "EXT 2023"]
[Source "ChessBase"]
[SourceDate "2022.10.05"]
[SourceVersion "1"]
[SourceVersionDate "2022.10.05"]
[SourceQuality "1"]

1. d4 Nf6 2. c4 e6 3. Bg5 Be7 4. Nf3 Ne4 5. Bxe7 Qxe7 6. a3 b6 7. e3 Bb7 8. Bd3 Ng5 9. Nbd2 d6 10. e4 d5 11. cxd5 Nxe4 12. 0-0 Nxd2 13. Nxd2 Bxd5 14. Be4 Qd6 15. Qf3 0-0 16. Rac1 c6 17. Nc4 Bxc4 18. Rxc4 b5 19. Rc3 Qxd4 20. Bxh7+ Kh8 21. Qh5 Qf6 22. Rh3 Qh6 23. Qg4 f5 24. Bxf5 exf5 25. Rxh6+ gxh6 26. Qg6 a5 27. Rd1 Ra6 28. Qxh6+ Kg8 29. Qg6+ Kh8 1-0